<?xml version="1.0" encoding="UTF-8"?>
<record
    xmlns:xsi="http://www.w3.org/2001/XMLSchema-instance"
    xsi:schemaLocation="http://www.loc.gov/MARC21/slim http://www.loc.gov/standards/marcxml/schema/MARC21slim.xsd"
    xmlns="http://www.loc.gov/MARC21/slim">

  <leader>00638nam a22001337a 4500</leader>
  <datafield tag="040" ind1=" " ind2=" ">
    <subfield code="c">RUA</subfield>
  </datafield>
  <datafield tag="082" ind1=" " ind2=" ">
    <subfield code="a">FIS SON 2021 B473 Or.</subfield>
  </datafield>
  <datafield tag="100" ind1=" " ind2=" ">
    <subfield code="a">SON THEARAVY,&#x179F;&#x17BB;&#x1793; &#x1792;&#x17B6;&#x179A;&#x17C9;&#x17B6;&#x179C;&#x17B8;</subfield>
  </datafield>
  <datafield tag="245" ind1=" " ind2=" ">
    <subfield code="a">THE EFFECT OF PELLET FEED ON THE GROWTH OF SPOT PANGASIUS,&#x1780;&#x17B6;&#x179A;&#x179F;&#x17B7;&#x1780;&#x17D2;&#x179F;&#x17B6;&#x1780;&#x1798;&#x17D2;&#x179A;&#x17B7;&#x178F;&#x1794;&#x17D2;&#x179A;&#x17BC;&#x178F;&#x17C1;&#x17A2;&#x17CA;&#x17B8;&#x1793;&#x179F;&#x1798;&#x179F;&#x17D2;&#x179A;&#x1794;&#x1791;&#x17C5;&#x179B;&#x17BE;&#x1780;&#x17B6;&#x179A;&#x179B;&#x17BC;&#x178F;&#x179B;&#x17B6;&#x179F;&#x17CB;&#x179A;&#x1794;&#x179F;&#x17CB;&#x178F;&#x17D2;&#x179A;&#x17B8;&#x1796;&#x17C4;&#x1780;&#x17D2;&#x1793;&#x17BB;&#x1784;&#x17A0;&#x17B6;&#x1794;&#x17C9;&#x17B6;</subfield>
  </datafield>
  <datafield tag="260" ind1=" " ind2=" ">
    <subfield code="a">phnom penh</subfield>
    <subfield code="b">rua</subfield>
    <subfield code="c">2021</subfield>
  </datafield>
  <datafield tag="300" ind1=" " ind2=" ">
    <subfield code="a">xi.33p.</subfield>
    <subfield code="b">ill.</subfield>
    <subfield code="c">29cm.</subfield>
  </datafield>
  <datafield tag="856" ind1=" " ind2=" ">
    <subfield code="u">https://drive.google.com/file/d/1bEHQIL3X_FT2_dvab-ZGr-vN-8Vij0Qj/view?usp=sharing</subfield>
  </datafield>
  <datafield tag="942" ind1=" " ind2=" ">
    <subfield code="c">FIS</subfield>
  </datafield>
  <datafield tag="999" ind1=" " ind2=" ">
    <subfield code="c">22607</subfield>
    <subfield code="d">22607</subfield>
  </datafield>
  <datafield tag="952" ind1=" " ind2=" ">
    <subfield code="0">0</subfield>
    <subfield code="1">0</subfield>
    <subfield code="4">0</subfield>
    <subfield code="6">FIS_SON_2021_000000000000000_B473_OR</subfield>
    <subfield code="7">0</subfield>
    <subfield code="9">97152</subfield>
    <subfield code="a">LBB</subfield>
    <subfield code="b">LBB</subfield>
    <subfield code="c">B473</subfield>
    <subfield code="d">2024-03-19</subfield>
    <subfield code="l">2</subfield>
    <subfield code="o">FIS SON 2021 B473 Or.</subfield>
    <subfield code="p">a073420</subfield>
    <subfield code="r">2025-10-03</subfield>
    <subfield code="s">2025-09-04</subfield>
    <subfield code="y">FIS</subfield>
  </datafield>
  <datafield tag="952" ind1=" " ind2=" ">
    <subfield code="0">0</subfield>
    <subfield code="1">0</subfield>
    <subfield code="4">0</subfield>
    <subfield code="6">FIS_SON_2021_000000000000000_B473_OR</subfield>
    <subfield code="7">0</subfield>
    <subfield code="9">97153</subfield>
    <subfield code="a">LBB</subfield>
    <subfield code="b">LBB</subfield>
    <subfield code="c">B473</subfield>
    <subfield code="d">2024-03-19</subfield>
    <subfield code="o">FIS SON 2021 B473 Or.</subfield>
    <subfield code="p">a073440</subfield>
    <subfield code="r">2024-03-19</subfield>
    <subfield code="y">FIS</subfield>
  </datafield>
  <datafield tag="952" ind1=" " ind2=" ">
    <subfield code="0">0</subfield>
    <subfield code="1">0</subfield>
    <subfield code="4">0</subfield>
    <subfield code="6">FIS_SON_2021_000000000000000_B473_OR</subfield>
    <subfield code="7">0</subfield>
    <subfield code="9">97154</subfield>
    <subfield code="a">LBB</subfield>
    <subfield code="b">LBB</subfield>
    <subfield code="c">B473</subfield>
    <subfield code="d">2024-03-19</subfield>
    <subfield code="o">FIS SON 2021 B473 Or.</subfield>
    <subfield code="p">a72954</subfield>
    <subfield code="r">2024-03-19</subfield>
    <subfield code="y">FIS</subfield>
  </datafield>
  <datafield tag="952" ind1=" " ind2=" ">
    <subfield code="0">0</subfield>
    <subfield code="1">0</subfield>
    <subfield code="4">0</subfield>
    <subfield code="6">FIS_SON_2021_000000000000000_B473_OR</subfield>
    <subfield code="7">0</subfield>
    <subfield code="9">97155</subfield>
    <subfield code="a">LBB</subfield>
    <subfield code="b">LBB</subfield>
    <subfield code="c">B473</subfield>
    <subfield code="d">2024-03-19</subfield>
    <subfield code="l">1</subfield>
    <subfield code="o">FIS SON 2021 B473 Or.</subfield>
    <subfield code="p">a073805</subfield>
    <subfield code="r">2026-02-06</subfield>
    <subfield code="s">2026-01-27</subfield>
    <subfield code="y">FIS</subfield>
  </datafield>
</record>
